000 00515nam a2200181Ia 4500
005 20250326130008.0
008 250326s9999 xx 000 0 und d
037 _aTextbook
040 _aFMSL
_beng
_cFMSL
041 _aeng
_2eng
084 _aSNI:f N0
_qFMSL
100 _aFestinger L
_985381
245 0 _aResearch methods inthe behavioural science
_cFestinger L; Katz D
260 _aNew Delhi
_bNew Delhi, Aminod
_c1970
300 _a660p
942 _cTB
_hSNI:f N0
999 _c1280489
_d1280489